|
|
|
|
| LEADER |
00000nam a22000007a 4500 |
| 005 |
20190725132231.0 |
| 007 |
cr|||| |||| |
| 008 |
190725s2018 br |||||s|||| 00||0 por d |
| 020 |
|
|
|a 978-85-7789-407-9
|
| 035 |
|
|
|a 23904
|
| 040 |
|
|
|a vLex
|
| 090 |
|
|
|c 9063
|d 9063
|
| 100 |
1 |
|
|a Amaral Arantes Boczar, Ana Clara
|
| 245 |
1 |
0 |
|a Usucapiô Extrajudicial
|h [Recurso electrn̤ico] :
|b Queste̳s Notariais e Tributr̀ias /
|c Ana Clara Amaral Arantes Boczar, Letc̕ia Franco Maculan Assumpȯ̂
|
| 256 |
|
|
|a Servicio en ln̕ea
|
| 260 |
|
|
|a San Pablo:
|b JH Mizuno,
|c 2018
|
| 300 |
|
|
|a 1 recurso electrn̤ico
|
| 500 |
|
|
|a A presente obra foi elaborada com a preocupaȯ̂ de se apresentar, de forma clara e didt̀ica, a usucapiô extrajudicial, conforme o artigo 216-A da Lei nð 6.015/73, as alteraė̳s trazidas pela Lei nð 13.465/17 e a regulamentaȯ̂ dada pelo Provimento nð 65, do CNJ, de 14 de dezembro de 2017. Foi abordado o instituto da usucapiô em si, bem como os diversos aspectos da usucapiô extrajudicial, especialmente no que tange ̉ata notarial, ao Provimento nð 65, do CNJ, s̉ consideraė̳s tributr̀ias e s̉ queste̳s prt̀icas a serem enfrentadas por notr̀ios, registradores e advogados no procedimento extrajudicial da usucapiô. Trata-se, portanto, de um conted︢o completo, que abrange nô somente queste̳s doutrinr̀ias, mas tambm̌ as indagaė̳s de ordem prt̀ica, de forma a auxiliar, de fato, os operadores do Direito a compreenderem e realizarem o procedimento extrajudicial da usucapiô.
|
| 506 |
1 |
|
|a Disponible solo en los productos indicados
|d vLex Global
|d vLex Global (Academic Edition, excluding Law Schools)
|d vLex Global (U.S. Academic Edition, Law Schools)
|d vLex Global (U.S. Academic Edition, excluding Law Schools)
|d vLex Global (Academic Edition, Law Schools)
|
| 650 |
0 |
4 |
|a Derecho Civil
|z Brasil
|
| 650 |
0 |
4 |
|a Procedimiento Civil
|z Brasil
|
| 700 |
1 |
|
|a Maculan Assumpȯ̂, Letc̕ia Franco
|
| 740 |
0 |
|
|a vLex Libros (Servicio en ln̕ea)
|
| 856 |
4 |
0 |
|u http://vlex.com/source/usucapi-o-extrajudicial-quest-es-notariais-e-tributarias-23904
|z Acceso restringido
|
| 942 |
|
|
|c BOOK
|
| 999 |
0 |
|
|a Civil Law
|
| 999 |
0 |
|
|a Civil Procedure
|